00464nam a2200157 a 450000500170000000800410001702000180005805000260007610000180010224500410012026000350016130000090019644000330020552000560023865000120029420140412111422.0080122s19uu xx 00 eng d a983-187-231-2 aTR(GS 428.4bM11 2006 aMah, May S.M. aRick and his tricks /cMay S.M. Mah. aMalaysia :bRhythm pub,c2006. a24p. aPhonics in reading: Series 2 aIntroduces words ending with consonant diagraph CK. aPhonics